LEADER 01052nam a2200265 u 4500 001 000000045514 003 CaOOAMICUS 005 20070226114654.0 008 990603s1961 it u000 u ita u 035 $a10825356 040 $aPUL(R)$bita$dPUL(R) 100 1 $aGiovannelli, Giulio.$0(OLS)http://pul/name/33199 245 10$aAspetti teologici del lavoro, del salario e dello sciopero /$cGiulio Giovannelli. 260 $aRoma :$bIl nuovo diritto,$c1961. 300 $a88 p. ;$c24 cm 500 $aInclude indici. 504 $aNote bibliografiche. 650 4$aDiritto del lavoro.$0(OLS)http://pul/subject/1096 850 $aPUL 852 $aPUL$W1$xDP1 Cons. Gen., Altre Classi 1$y22$m46 M 39$j61144$nBK-PRI$b $qStampati$B61144$CPULBib$Z2$F61144 $H $81 941 1 $a8 960 $aLavoro (Diritto)$91096 961 $aINV: 50958 996 $6245$aAspetti teologici del lavoro, del salario e dello sciopero$9(OLS)http://pul/title/61363 996 $6260$aRoma :$bIl nuovo diritto$9(OLS)http://pul/publisher/66177 LEADER 01113nam a2200253 u 4500 001 000000118092 003 CaOOAMICUS 005 20091118143616.0 008 091118s1975 it d u000 u ita r 040 $aPUL$bita$dMCT 100 1 $aGheza, Franco.$0(OLS)http://pul/name/73730 245 10$aCattolici e sindacato :$bun'esperienza di base: la Fim-Cisl di Brescia /$cFranco Gheza. 260 $aRoma :$bCoines,$cc1975. 300 $a266 p. :$bgrafici ;$c21 cm 490 1 $aMovimento operaio 504 $aBibliografia in nota. 650 4$aSindacati$zItalia$ySec. XX.$0(OLS)http://pul/subject/2515 650 4$aReligione e politica$zItalia$ySec. XX.$0(OLS)http://pul/subject/2082 830 0$aMovimento operaio.$0(OLS)http://pul/title/61801 850 $aPUL 852 $aPUL$W1$xDP1 Cons. Gen., Altre Classi 1$y22$m843 I 45$j135540$qStampati$B134514$CPULBib$Z2$F134514 $H63190 $82 941 1 $a8 996 $6245$aCattolici e sindacato :$bun'esperienza di base: la Fim-Cisl di Brescia$9(OLS)http://pul/title/148654 996 $6260$aRoma :$bCoines$9(OLS)http://pul/publisher/50877